000
00365nam a2200133Ia 4500
003
GCL
008
140319s9999 xx 000 0 ara d
040
_a
GCL /
_c
GCL
082
0
4
_a
810.9964
_b
ش ع
100
1
_a
شاوول، بول
245
1
0
_a
علامات من الثقافة المغربية الحديثة /
_c
شاوول، بول
300
_a
157 ص
490
_a
999
_c
37797
_d
37797